LEADER 01376nam a2200277 4500 001 000000342795 003 CaOOAMICUS 005 20201106105622.0 008 201102s2014 it 000 u ita r 020 $a978-88-215-7957-8 040 $aSeMil$bita 100 0 $aCyrillus : Alexandrinus,$c.$0(OLS)http://semarc/name/480 245 10$aScintille a Efeso anno 431 :$bCristo e la Madre sua al centro del dibattito conciliare /$cCirillo e Nestorio ; a cura di Luigi Gambero. 264 1$aCinisello Balsamo :$bSan Paolo,$c2014. 300 $a108 p. ;$c21 cm 650 4$aConcilio di Efeso <431>.$0(OLS)http://semarc/subject/109 700 1 $aNestorius, Syrus,$ecollaboratore.$0(OLS)http://semarc/name/112382 700 1 $aGambero, Luigi,$c,$ecuratore.$0(OLS)http://semarc/name/1477 830 0$aVetera sed nova ;$v4.$0(OLS)http://semarc/title/44707 850 $aSeMil 852 $aSeMil$W1$xVenegono$y1$m3C II 33$j222600$B233679$CSeMilBibl$Z2$F233679 $81 961 $aPerego don Stefano - Omaggio 996 $6020$a978-88-215-7957-8$9(OLS)http://semarc/number/291550 996 $6245$aScintille a Efeso anno 431 :$bCristo e la Madre sua al centro del dibattito conciliare$9(OLS)http://semarc/title/431680 996 $6264$aCinisello Balsamo :$bSan Paolo$9(OLS)http://semarc/publisher/30129 LEADER 00952nam a2200241 4500 001 000000360663 003 CaOOAMICUS 005 20241112113958.0 008 241112q1780 it 000 u ita r 040 $aSeMil$bita 110 2 $aScolopi$c.$0(OLS)http://semarc/name/2186 245 10$aNotizie da aversi riguardo a P.P. Scolopii di Milano. 300 $acc. [4] ;$cmm. 195 X 290 500 $aScrittura e mani: Umanistica corsiva di unica mano 500 $aMs. 850 $aSeMil 852 $aSeMil$W1$xVenegono$y1$m3Z VI 18/19 FA$j252267$B251666$CSeMilBibl$Z2$F251666 $8I 900 1 $aOrdo clericorum regularium pauperum matris Dei scholarum piarum. 910 2 $aChierici regolari poveri della Madre di Dio delle Scuole Pie. 996 $6245$aNotizie da aversi riguardo a P.P. Scolopii di Milano$9(OLS)http://semarc/title/451189